Normal view
MARC view
Entry Topical Term
001 - CONTROL NUMBER
- control field: 69280
003 - CONTROL NUMBER IDENTIFIER
- control field: OSt
005 - DATE AND TIME OF LATEST TRANSACTION
- control field: 20170929130114.0
008 - FIXED-LENGTH DATA ELEMENTS
- fixed length control field: 170929|| aca||aabn | a|a d
040 ## - CATALOGING SOURCE
- Original cataloging agency: OSt
- Transcribing agency: OSt
150 ## - HEADING--TOPICAL TERM
- Topical term or geographic name entry element: व्यंग्य
670 ## - SOURCE DATA FOUND
- Source citation: Work cat.: (OSt)45041: बीकानेरी ,अल्हड. 68615, बेस्ट ऑफ अल्हड. बीकानेरी , 2011









